Canadian TV Shows by Clue - Statistics

General Stats
  • This quiz has been taken 48 times
  • The average score is 8 of 23
Answer Stats
Hint TV Show % Correct
Teen drama with five different series. Drake got his start on one of them Degrassi
70%
Eponymous town with a crude name hosts a bizarre, once-rich family Schitt's Creek
63%
Animated children's classic starring a talking aardvark Arthur
60%
Recent take on Lucy Maud Montgomery's Green Gables classics Anne with an E
53%
There's not a lot going on at this prairie gas station Corner Gas
50%
Animated children's show featuring a talking turtle Franklin
50%
The bloodiest show on this quiz. Period drama following the exploits of legendary Norse warriors Vikings
50%
Reality show a lot like the American "Shark Tank". They share the jerk star Kevin O'Leary Dragon's Den
48%
Korean-Canadian family runs the eponymous store in downtown Toronto Kim's Convenience
48%
Weird animated kids show featuring a bald French-Canadian boy named for a pebble Caillou
43%
The most Canadian show imaginable. It's all about hockey. Non-fiction Hockey Night in Canada
43%
Long-running mystery set in early 20th century Toronto Murdoch Mysteries
38%
Satirical sketch show which is the shortest hour on television This Hour Has 22 Minutes
38%
Like "Little House on the Prairie", but featuring Muslim-Canadians Little Mosque on the Prairie
33%
Funny Newfoundlander explores and satirizes Canada in his weekly report Rick Mercer Report
33%
Colourful man proves anything can be fixed with duct tape The Red Green Show
25%
A "dark" show where a lady has a lot of clones Orphan Black
20%
Another satirical sketch comedy. Borrows its name from the Royal Canadian Air Force Royal Canadian Air Farce
18%
Kind of like "Lassie", a nameless dog saves strangers The Littlest Hobo
18%
Childish sketch comedy show from the 90s The Kids in the Hall
15%
Classic regal comedy set in part of Toronto which shares name with ritzy London borough King of Kensington
10%
Sci-fi series with several versions. Shares the titular "star" with other famous series Stargate SG-1
10%
Lady's therapist sends her back in time to fix past mistakes Being Erica
5%
No matching quizzes found
Score Distribution
Percent of People with Each Score
Percentile by Number Answered
Your Score History
You have not taken this quiz